000 00313nam a2200145Ia 4500
003 OSt
005 20240319144229.0
008 170523s9999 xx 000 0 und d
020 _aNA
040 _cIIMT UNIVERSITY
100 _aGupta- P.K.
245 0 _aAnuprayukt physics
260 _aAsian
942 _2ddc
_c02
999 _c11607
_d11607